Famous Assassins - Statistics

General Stats
  • This quiz has been taken 54 times
  • The average score is 4 of 12
Answer Stats
The Target The Assassinator % Correct
John F. Kennedy Lee Harvey Oswald
86%
Abraham Lincoln John Wilkes Booth
82%
Julius Caesar Brutus
69%
Franz Ferdinand Gavrilo Princip
41%
John Lennon Mark David Chapman
39%
Martin Luther King Jr. James Earl Ray
20%
John Paul II Mehmet Ali Ağca
16%
Adolf Hitler Claus von Stauffenberg
14%
Ronald Reagan John Hinckley
14%
William McKinley Leon Czolgosz
10%
Vladimir Lenin Fanny Kaplan
8%
Mohandas "Mahatma" Gandhi Nathuram Godse
8%
No matching quizzes found
Score Distribution
Percent of People with Each Score
Percentile by Number Answered
Your Score History
You have not taken this quiz